| 000 | 01153nam2a22002531 4500 | ||
|---|---|---|---|
| 001 | rc\4925250 | ||
| 005 | 20250613041847.0 | ||
| 021 |
_aRU _b[67-106137] |
||
| 035 | _a(NLR Aleph) 008942906 | ||
| 090 |
_a8956355 _c8956355 |
||
| 100 | _a20130426g1968 |||y0rusy50 ca | ||
| 101 | 0 | _arus | |
| 102 | _aRU | ||
| 105 | _ay z ||||| | ||
| 200 | 1 |
_aФонетика и морфология _eДля 5-7 классов |
|
| 205 | _a10-е изд. | ||
| 210 |
_d1968- _aБ. м. |
||
| 215 | _a304 с. | ||
| 461 | 0 |
_1001rc\4925249 _12001#$aУчебник русского языка$eДля восьмилет. школы с укр. яз. обучения$fПод ред. д-ра пед. наук В.И. Масальского$gНауч.-исслед. ин-т педагогики УССР. Ч. 1-$vЧ. 1 _98956350 _cКиев _d1968- _fПод ред. д-ра пед. наук В.И. Масальского _nРад. школа _oДля восьмилет. школы с укр. яз. обучения _tУчебник русского языка _vЧ. 1 |
|
| 801 | 0 |
_aRU _bNLR _gpsbo |
|
| 801 | 1 |
_aRU _bELAR _2rusmarc |
|
| 852 |
_aNLR _j68-3/576 |
||
| 942 | _cBOOK | ||
| 980 | _aNB | ||